00000000nam##2200000za#4500
0019.628089
003CaOODSP
00520210615105602
007ta
008150406|2007||||xxc|||||     f|0| 0 fre|d
040 |aCaOODSP|bfre
043 |an-cn---
0861 |aNH18-24/54-2007F
1102 |aSociété canadienne d'hypothèques et de logement.
24510|aComprendre le contrat de vente de votre maison neuve
260 |bSociété canadienne d'hypothèques et de logement |cc2004, révisé 2007.
300 |a11, [1]p. : |btableaux ; |c28 cm.
4901 |aVotre maison |vCF54
563 |aDépliant
590 |a08-48|b2008-11-28
77508|tUnderstanding your new home sales contract |w(CaOODSP)9.619135
7760#|tComprendre le contrat de vente de votre maison neuve |w(CaOODSP)9.596805
830#0|aVotre maison ;|vCF54|w(CaOODSP)9.513181
986 |a63493